Quizzes
Events
Quiz Creation
Community
Videos
Private Events
Remove Ads
Sign In
Join for FREE
Feedback
Dark Mode
Quiz Categories
Sports
Geography
Music
Movies
Television
Just For Fun
Miscellaneous
History
Literature
Language
Science
Gaming
Entertainment
Religion
Holiday
For Kids
Quiz Lab
Recent
Popular Today
Quiz Kudos Today
Editor Picks
Curator Picks
Quizzes by...
Day
Popularity
Type
Ratings
Length
Year
Community
Subscriptions
Recent Discussions
Orange Saloon
Badges
Playlists
Quests
Create
Leaderboards
Showdown
Live 5
Trivia Bingo
Activity
Puzzle Library
Sporcle Events
Private Events
Virtual Trivia
Globe League
Become a Host
Pub Owners
SporcleCon
Opinionation
Our Games
Videos
Blog
Mobile Apps
Partnerships
Remove Ads and Go Orange
Feedback
Language
Vocabulary
Begins and Ends
Definition
Spanish
French
German
Italian
Chinese
Latin
Translation
Japanese
Language
Vocabulary
Begins and Ends
Definition
Spanish
French
German
Italian
Chinese
Latin
Translation
Japanese
Random Quiz
Search Sporcle
×
Quiz Lab
Quiz Lab
Language
Translation
Type in answers that appear in a list
Type in answers that appear in a list
Classic
Best Score? Go Orange.
Translate these National Anthems Stats
Can you name the English translation of these national anthems?
By
hvdm
10m
20 Questions
166 Plays
166 Plays
166 Plays
Comments
Comments
Give Quiz Kudos
Give Quiz Kudos
-
- Ratings
hide this ad
Replay
Link that replays current quiz
Next Quiz
Link to next quiz in quiz playlist
You Got
0%
They Got
Avg Score
16%
Avg Friend Score
Upgrade to see
Score Distribution
Jump to the score distribution portion of the page
Score
0/20
Timer
10:00
0
Plays Today
National Anthem
translation
% Correct
Marcha Real
Royal March
65.7%
Lied der Deutschen
Song of the Germans
56%
Independência total
Total Independence
54.2%
Amhrán na bhFiann
Soldiers Song
32.5%
Yiyonggjun Jinxingqu
The March of the Volunteers
28.9%
Kde domov můj?
Where Is My Home?
25.3%
Sång till Norden
Song of the North
25.3%
God zij met ons Suriname
God Be With Our Suriname
6.6%
Bilady, Bilady, Bilady
My Homeland, My Homeland, My Homeland
6%
Istiklâl Marsi
The March of Independence
4.8%
National Anthem
translation
% Correct
Lofsöngur
Song of Praise
4.2%
Ee Mungu Nguvu Yetu
Oh God of All Creation
4.2%
Jana-
Gana-
Mana
Thou Art the Ruler of the Minds of All People
3.6%
Meda Dau Doka
God Bless Fiji
3.6%
Ymnos eis tin Eleftherian
Ode to Freedom
3%
Pak sarzamin shad bad
Blessed Be The Sacred Land
2.4%
Orientales, la Patria o la tumba
Uruguayans, the Fatherland or Death
1.8%
Salve, Oh Patria!
We Salute You Our Homeland
1.2%
Tien quan ca
March to the Front
1.2%
Nunarput utoqqarsuanngoravit
Our Country, Who's Become So Old
1.2%
Quiz Playlist
Details
Report
Send in Message
Add To Playlist
Classic:
Type in answers that appear in a list
Last Updated: Feb 16, 2017
Quiz Scoreboard
CHALLENGE
Sign Up to Join the Scoreboard
Show All
Scores
Hide
Comments
May contain spoilers
Recently Published
Click the 1999 NBA Draft
by nibperrychub
Sports
2m
Alphabetical 'K' Countries by Flag Minefield
by ylime102
Geography
3m
Pick 6: Fruits
by JohnFran
Miscellaneous
15s
More to Explore
Quiz From the Vault
Featured Blog Post
15 Basketball Trivia Facts You Can Be March Mad About
hide this ad
You Might Also Like...
Tags
Country Quiz
Translation Quiz
anthem
English
national
Today's Top Quizzes in Language
Browse Language
hide this ad
Today's Top Quizzes in Translation
Browse Translation
Top Contributed Quizzes in Language
1
Spring or Fall
2
Spanish Seasons
3
Name the 4 Seasons in English
4
Multilingual Seasons
5
Seasonal Rhymes
6
Spring or Fall?
7
Guess the Word in 3 Words
8
Quick Pick: Seasons in Esperanto
9
Hiragana Speed Reading
10
Quick Pick: Prefixes for Spring
Explore More
Trending Topics
Harry Potter
Kpop
Disney
Marvel
NBA
Anime
Crossword
Puzzle
Soccer
Pokémon
NFL
Song
The Office
WWE
Country
hide this ad
More By:
hvdm
Quiz
Plays
Rating
Category
Featured
Created
X-Men by Real Name
97,180
4.34
Entertainment
Jan 20, 2010
Where are you from?
27,413
3.26
Geography
Nov 1, 2009
Family Guy quiz
17,517
2.48
Television
Oct 7, 2009
Family Guy Quiz 2 (longer version)
15,686
3.35
Television
Oct 22, 2009
Soccer quiz
5,510
2.68
Sports
Oct 18, 2009
Go to Creator's Profile
Score Distribution
Quiz Creator Spotlight
hvdm
Follow
Send a Message
Quizzes Created
-
Created Quiz Play Count
-
More By This Creator
Popular Quizzes Today
1
Countries of Asia Without Outlines Minefield
2
Find the US States - No Outlines Minefield
3
Pick 6: Fruits
4
Alphabetical 'K' Countries by Flag Minefield
5
The Countries of the World
6
Find the US States
7
US States
8
Match the Book to the Film X
More Language Quizzes
Spanish-English Word Twins
Published
Trending Quizzes
Pick 6: Mountains
Pick 6: Harry Potter
Pick 6: NFL Teams
Pick 6: Movie Franchises
Pick 6: Golfers
Recently Updated
NWSL Teams
pecheneg
Women's Final Four Teams by Year
bhenderson79
Presidents Quartet II
eogle
Anything But Clue(do)
eogle
Anything But Oceanian Capitals
eogle
Anything But 7
eogle
Anything But Thing
eogle
Word Ladder: February 29
pecheneg
Song Title Questions
pecheneg
Women's NCAA Tournament #1 Seeds
pecheneg
Trending Topics
Harry Potter
Anime
Kpop
Crossword
NBA
Marvel
Disney
Soccer
NFL
Puzzle
Pokémon
The Office
Country
WWE
Song
Your Account Isn't Verified!
In order to create a playlist on Sporcle, you need to verify the email address you used during registration. Go to your
Sporcle Settings
to finish the process.
Report this User
Report this user for behavior that violates our
Community Guidelines
.
Details:
Send Report
Go to the Sporcle.com Mobile Site →
Comments